[Event "Ruhrgebiet Verbandsklasse Gruppe 1 1718"]
[Site "Germany"]
[Date "2018.04.29"]
[Round "9.6"]
[White "Jost, Udo"]
[Black "Schaedlich, Andreas"]
[Result "0-1"]
[WhiteElo "1812"]
[BlackElo "1864"]
[PlyCount "90"]
[EventDate "2017.09.17"]
[EventType "team-tourn"]
[EventRounds "9"]
[EventCountry "GER"]
[SourceTitle "EXT 2022"]
[Source "ChessBase"]
[SourceDate "2021.10.06"]
[SourceVersion "1"]
[SourceVersionDate "2021.10.06"]
[SourceQuality "1"]
[WhiteTeam "Dortmund FS"]
[BlackTeam "Bergeborbeck Wacker"]
[WhiteTeamCountry "GER"]
[BlackTeamCountry "GER"]

1. c4 c5 2. Nf3 Nc6 3. e3 g6 4. d4 cxd4 5. exd4 Bg7 6. Nc3 Nf6 7. d5 Nb8 8. Be2 d6 9. Be3 Nbd7 10. Qc2 Nc5 11. Nd4 Ng4 12. Rd1 Nxe3 13. fxe3 0-0 14. 0-0 Qb6 15. Qb1 Bd7 16. Rd2 Rad8 17. b4 Na6 18. a3 Nc7 19. Nd1 e5 20. Nb3 Na6 21. Kh1 f5 22. Rc2 Ba4 23. Rf3 Bxb3 24. Qxb3 Nc5 25. Qa2 Ne4 26. c5 dxc5 27. bxc5 Nxc5 28. Rh3 Qd6 29. Bc4 Ne4 30. Qb1 Rd7 31. Rb2 b6 32. Qd3 Nc5 33. Qe2 f4 34. e4 Rdf7 35. Qf3 a6 36. Nc3 b5 37. Ba2 h6 38. Rb4 Kh7 39. Nd1 Nd7 40. Rb2 Nf6 41. Bb1 Rc8 42. Bc2 Rfc7 43. Qb3 Qc5 44. Rf3 Qd4 45. Nf2 Rxc2 0-1

[Event "Ruhrgebiet Verbandsliga Gruppe 1 1516"]
[Site "Germany"]
[Date "2016.03.20"]
[Round "8.6"]
[White "Saphir, Peter"]
[Black "Jost, Udo"]
[Result "0-1"]
[WhiteElo "1846"]
[BlackElo "1877"]
[PlyCount "76"]
[EventDate "2015.09.06"]
[EventType "team-tourn"]
[EventRounds "9"]
[EventCountry "GER"]
[SourceTitle "EXT 2022"]
[Source "ChessBase"]
[SourceDate "2021.10.06"]
[SourceVersion "1"]
[SourceVersionDate "2021.10.06"]
[SourceQuality "1"]
[WhiteTeam "Hoentrop SG"]
[BlackTeam "Dortmund FS"]
[WhiteTeamCountry "GER"]
[BlackTeamCountry "GER"]

1. d4 Nf6 2. c4 e5 3. dxe5 Ne4 4. Nf3 Nc6 5. Nbd2 Nc5 6. g3 a5 7. b3 d6 8. Bb2 Bf5 9. Bg2 dxe5 10. 0-0 Bd6 11. Nh4 Bd7 12. Ne4 Qe7 13. Nxd6+ cxd6 14. a3 g5 15. Nf3 h5 16. h4 f6 17. Qc2 Rg8 18. Bc3 e4 19. Nd4 gxh4 20. b4 Nxd4 21. Bxd4 h3 22. Bh1 Ne6 23. Qb2 f5 24. Bf6 Qf8 25. Kh2 Rg6 26. Bh4 Qh6 27. Rad1 Ra6 28. Rd2 axb4 29. axb4 Rg4 30. Rg1 Rxh4 31. gxh4 Qf4+ 32. Kxh3 Qxf2 33. Qh8+ Ke7 34. Rg7+ Nxg7 35. Qxg7+ Kd8 36. Qg5+ Kc7 37. Bg2 f4+ 38. Kh2 Ra1 0-1

[Event "Ruhrgebiet Verbandsliga Gruppe 1 1516"]
[Site "Germany"]
[Date "2016.01.24"]
[Round "6.6"]
[White "Masberg, Stefan"]
[Black "Jost, Udo"]
[Result "1-0"]
[WhiteElo "1942"]
[BlackElo "1874"]
[PlyCount "93"]
[EventDate "2015.09.06"]
[EventType "team-tourn"]
[EventRounds "9"]
[EventCountry "GER"]
[SourceTitle "EXT 2022"]
[Source "ChessBase"]
[SourceDate "2021.10.06"]
[SourceVersion "1"]
[SourceVersionDate "2021.10.06"]
[SourceQuality "1"]
[WhiteTeam "Bottrop SV"]
[BlackTeam "Dortmund FS"]
[WhiteTeamCountry "GER"]
[BlackTeamCountry "GER"]

1. e4 c5 2. Nf3 e6 3. d4 cxd4 4. Nxd4 a6 5. c4 Qc7 6. Nc3 Nf6 7. Bd3 b6 8. Qe2 Bc5 9. Be3 Bb7 10. 0-0 h5 11. f3 Kf8 12. Nb3 d6 13. Nxc5 dxc5 14. Qf2 Nbd7 15. Rfd1 h4 16. Rd2 Kg8 17. Rad1 Nf8 18. Bf1 Ng6 19. Bg5 Bc6 20. a3 Rh5 21. Be3 Re5 22. b4 Be8 23. Be2 Rc8 24. g3 Qe7 25. Rd6 hxg3 26. hxg3 Qc7 27. g4 a5 28. b5 Nd5 29. Nxd5 exd5 30. R6xd5 Rxd5 31. Rxd5 Bd7 32. f4 Re8 33. e5 Bc8 34. Qg3 Bb7 35. Rd6 Be4 36. Bf3 Qb7 37. Kf2 f6 38. exf6 Qc7 39. Rd2 gxf6 40. Rd1 Bc2 41. Rh1 Kg7 42. Bd5 Qd6 43. Qf3 Qd8 44. f5 Rh8 45. fxg6 Bxg6 46. Rxh8 Qxh8 47. Qh1 1-0

[Event "Ruhrgebiet Verbandsliga Gruppe 1 1516"]
[Site "Germany"]
[Date "2015.10.18"]
[Round "3.7"]
[White "Pilat, Fabian"]
[Black "Jost, Udo"]
[Result "1-0"]
[WhiteElo "1952"]
[BlackElo "1880"]
[PlyCount "75"]
[EventDate "2015.09.06"]
[EventType "team-tourn"]
[EventRounds "9"]
[EventCountry "GER"]
[SourceTitle "EXT 2022"]
[Source "ChessBase"]
[SourceDate "2021.10.06"]
[SourceVersion "1"]
[SourceVersionDate "2021.10.06"]
[SourceQuality "1"]
[WhiteTeam "Bochum SG III"]
[BlackTeam "Dortmund FS"]
[WhiteTeamCountry "GER"]
[BlackTeamCountry "GER"]

1. d4 Nf6 2. Nf3 e6 3. Nbd2 c5 4. e3 Nc6 5. c3 Qc7 6. Bd3 b6 7. 0-0 Bb7 8. e4 h5 9. Re1 Na5 10. dxc5 bxc5 11. c4 Ng4 12. h3 Nc6 13. b3 Be7 14. Bb2 Bf6 15. Bxf6 gxf6 16. Nf1 Nge5 17. N1h2 Ke7 18. Qd2 Rag8 19. Bf1 Ng6 20. Kh1 Rg7 21. Rad1 Rhg8 22. h4 Nce5 23. g3 Ng4 24. Bh3 f5 25. exf5 Nxh4 26. Bxg4 Rxg4 27. fxe6 Nxf3 28. Qxd7+ Qxd7 29. Rxd7+ Kf6 30. Rxf7+ Kg6 31. Nxf3 Bc6 32. Kh2 h4 33. Ne5+ Kg5 34. Nxg4 Kxg4 35. Rf4+ Kg5 36. Re5+ Kg6 37. Rg4+ Kf6 38. Rxg8 1-0

[Event "Ruhrgebiet VL2 0910"]
[Site "Germany"]
[Date "2009.10.25"]
[Round "3.8"]
[White "Renn, Volker"]
[Black "Jost, Udo"]
[Result "0-1"]
[WhiteElo "1907"]
[BlackElo "1770"]
[PlyCount "70"]
[EventDate "2009.09.06"]
[EventType "team-tourn"]
[EventRounds "9"]
[EventCountry "GER"]
[SourceTitle "EXT 2011"]
[Source "ChessBase"]
[SourceDate "2010.11.26"]
[SourceVersion "1"]
[SourceVersionDate "2010.11.26"]
[SourceQuality "1"]
[WhiteTeam "Horst Emscher II"]
[BlackTeam "Dortmund FS 98"]
[WhiteTeamCountry "GER"]
[BlackTeamCountry "GER"]

1. e4 c5 2. Nf3 e6 3. d4 cxd4 4. Nxd4 a6 5. Nc3 Qc7 6. Be2 Nf6 7. a3 Nc6 8. Be3 Be7 9. 0-0 h5 10. f4 d6 11. Kh1 Bd7 12. Nf3 Ng4 13. Bg1 b5 14. h3 Rh6 15. Nh2 Nf6 16. Be3 Rh8 17. Re1 Na5 18. e5 dxe5 19. fxe5 Qxe5 20. Bf3 Qb8 21. Bxa8 Qxa8 22. Bd4 Bc6 23. Qe2 Rh6 24. b4 Rg6 25. Rg1 Nc4 26. a4 bxa4 27. Nf3 Rg3 28. Kh2 Rxf3 29. Qxc4 Bd6+ 30. g3 h4 31. Rg2 hxg3+ 32. Kg1 Rxc3 33. Bxc3 Bxg2 34. Rxa4 Bxh3 35. Qe2 Qa7+ 0-1

[Event "Dortmund ABC Serie C-21"]
[Site "Dortmund"]
[Date "2004.05.28"]
[Round "8"]
[White "Jost, Udo"]
[Black "Lang, Daniel"]
[Result "0-1"]
[WhiteElo "1838"]
[BlackElo "1850"]
[PlyCount "94"]
[EventDate "2004.04.23"]
[EventType "tourn"]
[EventRounds "11"]
[EventCountry "GER"]
[SourceTitle "EXT 2006"]
[Source "ChessBase"]
[SourceDate "2005.11.24"]
[SourceVersion "1"]
[SourceVersionDate "2005.11.24"]
[SourceQuality "1"]

1. e4 c5 2. Nf3 Nc6 3. d4 cxd4 4. Nxd4 Nf6 5. Nc3 e5 6. Ndb5 d6 7. Bg5 a6 8. Bxf6 gxf6 9. Na3 b5 10. Nd5 Bg7 11. Qh5 Ne7 12. Ne3 Be6 13. Bd3 d5 14. g3 d4 15. Nf1 Qa5+ 16. Nd2 Qb4 17. 0-0-0 Bxa2 18. f4 Nc8 19. Nf3 Nb6 20. fxe5 Na4 21. exf6 Qxb2+ 22. Kd2 Bxf6 23. Nxb5 axb5 24. Bxb5+ Kf8 25. Qh6+ Ke7 26. Bxa4 Qc3+ 27. Ke2 Rxa4 28. Rhe1 Ra3 29. Qf4 Qe3+ 30. Qxe3 Rxe3+ 31. Kf2 Rxe1 32. Kxe1 Rd8 33. e5 Bg7 34. Nxd4 Rd5 35. Nf5+ Kf8 36. Rxd5 Bxd5 37. Nxg7 Kxg7 38. Kf2 Kg6 39. Ke3 Kf5 40. Kd4 Be6 41. c4 Kg4 42. c5 Kh3 43. Ke3 Kxh2 44. Kf4 h5 45. c6 Kh3 46. c7 h4 47. gxh4 Kxh4 0-1

[Event "Dortmund ABC Serie C-21"]
[Site "Dortmund"]
[Date "2004.05.22"]
[Round "7"]
[White "Naundorf, Maik"]
[Black "Jost, Udo"]
[Result "1-0"]
[WhiteElo "2026"]
[BlackElo "1838"]
[PlyCount "81"]
[EventDate "2004.04.23"]
[EventType "tourn"]
[EventRounds "11"]
[EventCountry "GER"]
[SourceTitle "EXT 2006"]
[Source "ChessBase"]
[SourceDate "2005.11.24"]
[SourceVersion "1"]
[SourceVersionDate "2005.11.24"]
[SourceQuality "1"]

1. Nf3 c5 2. c4 Nc6 3. d4 cxd4 4. Nxd4 Nf6 5. Nc3 g6 6. g3 Bg7 7. Bg2 0-0 8. 0-0 Ne5 9. c5 Qa5 10. Nb3 Qa6 11. a4 Rd8 12. Qc2 d5 13. cxd6 Rxd6 14. Nb5 Bf5 15. e4 Rc6 16. Qb1 Bg4 17. N3d4 Rd8 18. h3 Bc8 19. f4 Rxc1 20. Rxc1 Nc6 21. Nxc6 bxc6 22. Nc3 Qb6+ 23. Kh2 Bg4 24. a5 Qf2 25. Rf1 Qc5 26. e5 Rd2 27. Qc1 Qe3 28. exf6 Bxh3 29. Kxh3 Bxf6 30. Rf3 Qc5 31. f5 Rd4 32. Ne4 Qe5 33. Nxf6+ Qxf6 34. Kh2 Qd6 35. Qe3 Rh4+ 36. Kg1 Rd4 37. fxg6 hxg6 38. Re1 e6 39. Rf2 c5 40. Qf3 f5 41. Qa8+ 1-0

[Event "Ruhrgebiet VL1 0304"]
[Site "Ruhrgebiet"]
[Date "2003.09.28"]
[Round "1.4"]
[White "Trzaska, Peter"]
[Black "Jost, Udo"]
[Result "1-0"]
[WhiteElo "2078"]
[BlackElo "1808"]
[PlyCount "76"]
[EventDate "2003.09.28"]
[EventType "team"]
[EventRounds "9"]
[EventCountry "GER"]
[SourceTitle "EXT 2007"]
[Source "ChessBase"]
[SourceDate "2006.11.23"]
[SourceVersion "1"]
[SourceVersionDate "2006.11.23"]
[SourceQuality "1"]
[WhiteTeam "Altstadt RE"]
[BlackTeam "Dortmund FS 98"]
[WhiteTeamCountry "GER"]
[BlackTeamCountry "GER"]

1. Nf3 c5 2. c4 Nc6 3. d4 cxd4 4. Nxd4 Nf6 5. Nc3 g6 6. Nc2 Bg7 7. g3 d6 8. Bg2 Be6 9. Nd5 Nd7 10. 0-0 Rc8 11. Rb1 0-0 12. Bg5 Nde5 13. b3 h6 14. Bd2 Re8 15. f4 Ng4 16. h3 Nf6 17. Kh2 Bxd5 18. cxd5 Nb8 19. e4 Nbd7 20. Ne3 Nc5 21. e5 dxe5 22. fxe5 Nh5 23. Ng4 f5 24. Nxh6+ Kh7 25. Rxf5 Nxg3 26. Kxg3 gxf5 27. Nf7 Qb6 28. e6 Kg6 29. Bf4 Nd3 30. Qf3 Rc2 31. Rf1 Qd4 32. Be3 f4+ 33. Bxf4 Qxf4+ 34. Qxf4 Nxf4 35. Be4+ Kh5 36. Rxf4 Rc3+ 37. Kg2 Bf6 38. Bf3+ Kg6 1-0

[Event "Dortmund4"]
[Site "Dortmund"]
[Date "2001.06.16"]
[Round "11"]
[White "Jost, Udo"]
[Black "Grube, Joerg"]
[Result "0-1"]
[WhiteElo "2008"]
[BlackElo "1788"]
[PlyCount "112"]
[EventDate "2001.04.27"]
[EventType "tourn"]
[EventRounds "11"]
[EventCountry "GER"]
[SourceTitle "EXT 2007"]
[Source "ChessBase"]
[SourceDate "2006.11.23"]
[SourceVersion "1"]
[SourceVersionDate "2006.11.23"]
[SourceQuality "1"]

1. e4 c5 2. Nf3 d6 3. d4 cxd4 4. Nxd4 Nf6 5. Nc3 g6 6. Be2 Bg7 7. Be3 0-0 8. h4 Nc6 9. h5 Nxd4 10. Bxd4 Qa5 11. hxg6 hxg6 12. Kf1 Be6 13. b4 Qxb4 14. Rb1 Qa5 15. Rxb7 Rfc8 16. Qa1 Rc7 17. Qb2 Rac8 18. Rb4 Nxe4 19. Bxg7 Nxc3 20. Rb5 Qa4 21. Rb4 Qa5 22. Bd4 f6 23. Bd3 Nd5 24. a3 Nf4 25. Bxf6 Nxd3 26. Rh8+ Kf7 27. Rh7+ Ke8 28. Rxe7+ Rxe7 29. cxd3 Rec7 30. Rc4 Bxc4 31. dxc4 Rc5 32. Qb7 Qc7 33. Qe4+ Kf7 34. Bd4 Rf5 35. g4 Qxc4+ 36. Kg1 Qc1+ 37. Kg2 Qc6 38. Qxc6 Rxc6 39. gxf5 gxf5 40. Bxa7 Ra6 41. Be3 Rxa3 42. Bg5 Ke6 43. Bd8 d5 44. Bb6 Ke5 45. Bc5 Rb3 46. Ba7 Ke4 47. Bc5 f4 48. Ba7 f3+ 49. Kg3 d4 50. Bc5 Kd5 51. Be7 Ke4 52. Bg5 d3 53. Bc1 Rb1 54. Be3 Rg1+ 55. Kh2 Rg2+ 56. Kh1 Rxf2 0-1

[Event "Dortmund4"]
[Site "Dortmund"]
[Date "2001.06.01"]
[Round "8"]
[White "Tverskoi, Alexandre"]
[Black "Jost, Udo"]
[Result "1/2-1/2"]
[WhiteElo "1852"]
[BlackElo "2008"]
[PlyCount "75"]
[EventDate "2001.04.27"]
[EventType "tourn"]
[EventRounds "11"]
[EventCountry "GER"]
[SourceTitle "EXT 2007"]
[Source "ChessBase"]
[SourceDate "2006.11.23"]
[SourceVersion "1"]
[SourceVersionDate "2006.11.23"]
[SourceQuality "1"]

1. e4 c5 2. Nf3 e6 3. d4 cxd4 4. Nxd4 a6 5. Nc3 Qc7 6. Be2 b6 7. 0-0 Nf6 8. a3 Bb7 9. Qd3 h5 10. f4 Bc5 11. b4 Be7 12. Kh1 Nc6 13. Be3 Ng4 14. Bg1 g5 15. Nxc6 Bxc6 16. Qd4 Bf6 17. e5 Nxe5 18. Ne4 Bxe4 19. Qxe4 d5 20. Qe3 Ng4 21. Bxg4 hxg4 22. Rad1 gxf4 23. Qxb6 Rxh2+ 24. Kxh2 g3+ 25. Kh3 Qxc2 26. Rxf4 Be5 27. Rxf7 Qg6 28. Qc6+ Kxf7 29. Rf1+ Kg7 30. Qd7+ Kg8 31. Qe7 Re8 32. Qh4 Kg7 33. Bd4 Bxd4 34. Qxd4+ e5 35. Qg4 Qxg4+ 36. Kxg4 e4 37. Kxg3 e3 38. Kf3 1/2-1/2